| 000 | 01282nam a22003611 4500 | ||
|---|---|---|---|
| 001 | bslw10046058 | ||
| 005 | 20240305165649.0 | ||
| 006 | m o d | ||
| 007 | cr un ---uuuua | ||
| 008 | 230419s2014 ck d ob 000 0 spa d | ||
| 020 | _a9789587711257 | ||
| 020 |
_a9789587711264 _q(e-ISBN) |
||
| 035 | _a38285 | ||
| 040 |
_aUtOrBLW _beng _erda _cUtOrBLW |
||
| 050 | 4 |
_aRA410 _b.C37 2014 |
|
| 082 | 0 | 4 |
_a338.433621 _223 |
| 100 | 1 |
_aCastaño Yepes, Ramón Abel, _eauthor. |
|
| 245 | 1 | 0 |
_aMecanismos de pago en salud : _banatomía, fisiología y fisiopatología / _cRamón Abel Castaño Yepes. |
| 250 | _aPrimera edición. | ||
| 264 | 1 |
_aBogotá, Colombia : _bECOE Ediciones, _c2014. |
|
| 300 |
_a1 online resource (xvi, 179 pages) : _bcharts |
||
| 336 |
_atext _btxt _2rdacontent |
||
| 337 |
_acomputer _bc _2rdamedia |
||
| 338 |
_aonline resource _bcr _2rdacarrier |
||
| 490 | 1 | _aCiencias de la salud. Administración en salud | |
| 504 | _aIncludes bibliographical references. | ||
| 650 | 0 | _aMedical care, cost of. | |
| 650 | 0 | _aMedical economics. | |
| 650 | 0 |
_aDelivery of Health Care _xeconomics. |
|
| 830 | 0 |
_aColección Ciencias de la salud (ECOE Ediciones). _pAdministración en salud. |
|
| 856 | 4 | 0 | _uhttps://app.vlex.com/#/sources/38285 |
| 942 | _cRAA | ||
| 999 |
_c172674 _d172674 |
||